Audity kvality
Enregistré dans:
| Auteur principal: | |
|---|---|
| Autres auteurs: | |
| Format: | Livre |
| Langue: | slovaque |
| Publié: |
Bratislava
Wolters Kluwer
2014
|
| Collection: | Ekonómia
482 |
| Sujets: | |
| Tags: |
Pas de tags, Soyez le premier à ajouter un tag!
|
MARC
| LEADER | 00000nam a2200000 4500 | ||
|---|---|---|---|
| 001 | 0185809 | ||
| 005 | 20240314094208.1 | ||
| 020 | |a 978-80-8168-013-7 | ||
| 041 | 0 | |a slo | |
| 044 | |a SK | ||
| 245 | 1 | 0 | |a Audity kvality |c Iveta Paulová, Yulia Šurinová |
| 264 | 1 | |a Bratislava |b Wolters Kluwer |c 2014 | |
| 300 | |a 103 s. | ||
| 490 | 1 | |a Ekonómia |v 482 | |
| 830 | 0 | |a Ekonómia |v 482 | |
| 610 | 2 | 0 | |a audit |
| 610 | 2 | 0 | |a audit interný |
| 610 | 2 | 0 | |a audítori |
| 610 | 2 | 0 | |a kvalita |
| 610 | 2 | 0 | |a riadenie kvality |
| 610 | 2 | 0 | |a komunikácia |
| 610 | 2 | 0 | |a priemysel automobilový |
| 610 | 2 | 0 | |a normy technické |
| 100 | 1 | |a Paulová, Iveta | |
| 700 | 1 | |a Šurinová, Yulia | |